000 00355nam a22001337a 4500
020 _a9781580536868
082 _a623.043 ADA
100 _a Adamy, David
245 _aEW 102 a second course in electronic warfare
260 _aLondon
_bArtech House
_c2004
300 _axv, 274p. :
_e22 cm
650 _aElectronics in military engineering
942 _cBK
999 _c12187
_d12187